music trivia: 1982 songs and artists - Statistics

General Stats
  • This quiz has been taken 173 times
    128 since last reset
  • The average score is 8 of 15
Answer Stats
This song was sung or played... by this artist or group % Correct
Come On Eileen Dexys Midnight Runners
94%
Jack & Diane John Mellencamp
86%
Chariots of Fire Vangelis
69%
Allentown Billy Joel
68%
Back in the Chain Gang The Pretenders
68%
Freeze Frame J. Geils Band
65%
867-5309/Jenny Tommy Tutone
64%
Steppin' Out Joe Jackson
61%
Valerie Steve Winwood
56%
Caught Up in You .38 Special
46%
Somebody's Baby Jackson Browne
43%
Turn Your Love Around George Benson
31%
That Girl Stevie Wonder
23%
Someday, Someway Marshall Crenshaw
13%
Love Me Tomorrow Chicago
11%
No matching quizzes found
Score Distribution
Percent of People with Each Score
Percentile by Number Answered
Your Score History
You have not taken this quiz since the last reset